000 00611nam a2200193 i 4500
001 150671
003 ES-MaACL
005 20230906203629.0
007 t|
008 071105q19501959sp ||||1| spa d
100 1 _aDotor y Municio, Angel.
_945465
245 1 0 _aCastillos (Toledo) /
_cpor Angel Dotor... ; fotografías V. Salas.
260 _aMadrid :
_bRevista Geográfica Española,
_c[195-?]
300 _a86 p. :
_bil. ;
_c24 cm.
650 1 4 _aCastillos-
_zToledo (Provincia)
_910835
700 1 _aSalas, V.
_9101749
852 _aES-MaACL
_jC-23950
_bR.50239
852 _aES-MaACL
_j1966-F-25
_bR.38845
999 _c150671
_d150671